000 01070nam a22002297a 4500
005 20140312084409.0
008 140224s2011 ko ab gr|||| 00| 0 eng d
041 _aeng
082 _a555
_bK84m
110 2 _aKorea Natinal Park Service
_bOficina de Gestión de Rendimiento
_920459
242 1 0 _aMontaña, Mar y Felicidad
_bReporte de Sostenibilidad 2011
_cKorea National Park Services
_yspa
245 1 0 _aMountain, Sea and Happiness
_bSustainability Report 2011
_cKorea National Park Services
260 3 _aSeoul
_bKorea National Park Services
_c2011
300 _a74 p.
_bil., fot., mapas, gráficas, tablas
_c28 cm
_eOpinión del Lector (desprendible) y publicidad
505 2 _aReporte Especial 1 p. 23 ; Resporte Especial 2 p. 33 ; Ambiente p. 39 ; Sociedad p. 47 ; Economía p. 61
590 _a242 Es el titulo traducido por la agencia catalogadora
650 4 _aSostenibilidad
_vReporte
_zSeoul
_920460
650 4 _aAmbiente
_vReporte
_zSeoul
_920461
650 4 _aSociedad
_vReporte
_zSeoul
_920462
650 4 _aEconomia
_vReporte
_zSeoul
_920463
942 _2ddc
_cImpreso
999 _c8137
_d8137